[Event "World Rapid 2025"]
[Site "Doha QAT"]
[Date "2025.12.28"]
[Round "11.93"]
[White "Ibarra Jerez, Jose Carlos"]
[Black "Shogdzhiev, Roman"]
[Result "1-0"]
[WhiteTitle "GM"]
[BlackTitle "IM"]
[WhiteElo "2532"]
[BlackElo "2403"]
[WhiteFideId "2226332"]
[BlackFideId "55653537"]
[EventDate "2025.12.26"]

1. e4 e5 2. Nf3 Nc6 3. Nc3 Nf6 4. Nd5 d6 5. d4 Nxe4 6. Bb5 Nf6 7. Bg5 Be7 8.
Nxe7 Qxe7 9. O-O h6 10. Bxf6 gxf6 11. d5 a6 12. Bd3 Nb4 13. Be2 a5 14. c3 Na6
15. Qa4+ Bd7 16. Qxa5 Qd8 17. c4 Nc5 18. Qd2 f5 19. b4 Ne4 20. Qb2 Qf6 21. Rfc1
Ng5 22. c5 Nxf3+ 23. Bxf3 O-O 24. c6 bxc6 25. dxc6 Be6 26. a4 d5 27. a5 d4 28.
b5 e4 29. Be2 f4 30. b6 cxb6 31. axb6 Rxa1 32. Rxa1 f3 33. Bf1 fxg2 34. Bxg2 Qe5
35. b7 e3 36. fxe3 Qxe3+ 37. Kh1 Qe5 38. Qf2 Kh8 39. Re1 Qc5 40. Qf4 d3 41. b8=Q
Rxb8 42. Qxb8+ Kh7 43. Be4+ f5 44. Qc7+ Kh8 45. Qd8+ Kh7 46. Qxd3 Kg7 47. Bf3 1-0

[Event "World Rapid 2025"]
[Site "Doha QAT"]
[Date "2025.12.28"]
[Round "11.94"]
[White "Sasikiran, Krishnan"]
[Black "Morris, James"]
[Result "1-0"]
[WhiteTitle "GM"]
[BlackTitle "IM"]
[WhiteElo "2538"]
[BlackElo "2422"]
[WhiteFideId "5004985"]
[BlackFideId "3205800"]
[EventDate "2025.12.26"]

1. d4 Nf6 2. Nf3 b6 3. c4 e6 4. g3 Ba6 5. b3 c6 6. Bg2 d5 7. O-O Nbd7 8. Nbd2
Rc8 9. e4 dxe4 10. Ng5 Be7 11. Ngxe4 O-O 12. Bb2 b5 13. c5 Nxe4 14. Nxe4 b4 15.
Re1 Bb5 16. Qd2 a5 17. a3 Nf6 18. axb4 axb4 19. Qxb4 Nxe4 20. Bxe4 Qd7 21. Rad1
Rfd8 22. Qc3 Bf6 23. Qc2 h6 24. Bc1 Ra8 25. Bf4 Ra3 26. Be5 Qe7 27. Qb2 Ra7 28.
b4 Rad7 29. Bc2 Bc4 30. Qc3 Bb5 31. f4 g6 32. h4 Bg7 33. Bxg7 Kxg7 34. d5+ Qf6
35. Qxf6+ Kxf6 36. d6 Rb8 37. Ra1 Bc4 38. Reb1 Rdb7 39. Kf2 1-0

[Event "World Rapid 2025"]
[Site "Doha QAT"]
[Date "2025.12.28"]
[Round "11.95"]
[White "Can, Emre"]
[Black "Bai, Adelard"]
[Result "1/2-1/2"]
[WhiteTitle "GM"]
[BlackTitle "IM"]
[WhiteElo "2541"]
[BlackElo "2417"]
[WhiteFideId "6302181"]
[BlackFideId "16301188"]
[EventDate "2025.12.26"]

1. d4 Nf6 2. c4 e6 3. Nf3 Bb4+ 4. Nbd2 b6 5. a3 Bxd2+ 6. Qxd2 Bb7 7. e3 O-O 8.
Be2 d5 9. b3 c5 10. O-O Qe7 11. Bb2 Rd8 12. Rfd1 dxc4 13. bxc4 Nc6 14. Qc2 cxd4
15. exd4 Rac8 16. Rac1 Na5 17. Qd3 Ba6 18. Nd2 Ne8 19. Qh3 Rc7 20. Bd3 h6 21.
Rc2 Qd7 22. Qg3 Qd6 23. Qe3 Qd7 24. Rdc1 Rdc8 25. Qe4 Nf6 26. Qe2 Nd5 27. Qe4
Nf6 28. Qf3 Qd8 29. h3 Ne8 30. d5 exd5 31. Qf5 Nf6 32. Bxf6 Qxf6 33. Qh7+ Kf8
34. cxd5 Rxc2 35. Bxc2 g6 36. Qxh6+ Qg7 37. Qf4 Qb2 38. Ne4 Rxc2 39. Qb8+ Kg7
40. Rxc2 Qxc2 41. Qe5+ Kg8 42. d6 Nc6 43. Qe8+ 1/2-1/2

[Event "World Rapid 2025"]
[Site "Doha QAT"]
[Date "2025.12.28"]
[Round "11.96"]
[White "Kobalia, Mikhail"]
[Black "Wafa, Hamed"]
[Result "1/2-1/2"]
[WhiteTitle "GM"]
[BlackTitle "IM"]
[WhiteElo "2537"]
[BlackElo "2373"]
[WhiteFideId "4119150"]
[BlackFideId "10628452"]
[EventDate "2025.12.26"]

1. e4 e5 2. Nf3 Nc6 3. Bb5 Nf6 4. d3 Bc5 5. Bxc6 dxc6 6. O-O Bg4 7. h3 Bh5 8.
Be3 Bxe3 9. fxe3 Qe7 10. Qe1 Nd7 11. Nc3 O-O-O 12. a4 g5 13. Qg3 Rdg8 14. Nh2
Bg6 15. Qf2 h5 16. Ne2 h4 17. Ng4 Bh5 18. Qf5 Kb8 19. Kh2 Bg6 20. Qf2 Bh5 21.
Qf5 Bg6 22. Qf2 Qb4 23. b3 Qc5 24. Rac1 Rf8 25. Ng1 f6 26. Qe2 Qd6 27. Kh1 Bh5
28. Rf5 a5 29. Rcf1 b6 30. Qf2 Bxg4 31. hxg4 Kb7 32. Nh3 Re8 33. Qd2 Re6 34. Nf2
Nc5 35. Qe1 Nd7 36. Nd1 Rh6 37. Nb2 Qe7 38. Nc4 Nb8 39. Kh2 Na6 40. Kh3 Nb8 41.
Qd2 Na6 42. Rb1 Rh8 43. Qf2 Nb4 44. Rf1 Rh6 45. Qd2 Rh8 46. Rb1 Rd8 47. Qf2 Rh8
48. Qe2 Na6 49. Qf2 Nb4 50. Qe2 1/2-1/2

[Event "World Rapid 2025"]
[Site "Doha QAT"]
[Date "2025.12.28"]
[Round "11.69"]
[White "Siddharth, Jagadeesh"]
[Black "Ponkratov, Pavel"]
[Result "1-0"]
[WhiteTitle "GM"]
[BlackTitle "GM"]
[WhiteElo "2489"]
[BlackElo "2587"]
[WhiteFideId "5818320"]
[BlackFideId "4157800"]
[EventDate "2025.12.26"]

1. c4 e5 2. Nc3 Nf6 3. Nf3 Nc6 4. e3 d5 5. cxd5 Nxd5 6. Bb5 Nb4 7. Nxe5 Qg5 8.
Nxc6 bxc6 9. Qf3 cxb5 10. Qxa8 Kd7 11. O-O Nc6 12. d4 b4 13. d5 Nd8 14. Nb5 Bc5
15. Qb8 Bb6 16. e4 Qe5 17. Be3 Ba6 18. Bxb6 axb6 19. f4 1-0

[Event "World Rapid 2025"]
[Site "Doha QAT"]
[Date "2025.12.28"]
[Round "11.70"]
[White "Averin, Nikolay"]
[Black "Vakhidov, Jakhongir"]
[Result "0-1"]
[WhiteTitle "FM"]
[BlackTitle "GM"]
[WhiteElo "2389"]
[BlackElo "2516"]
[WhiteFideId "24250473"]
[BlackFideId "14201801"]
[EventDate "2025.12.26"]

1. a3 g6 2. e4 c5 3. d3 Bg7 4. Ne2 Nc6 5. g3 d5 6. Nd2 Nf6 7. Bg2 O-O 8. O-O h6
9. h3 Re8 10. exd5 Nxd5 11. Nb3 Qd6 12. c4 Nc7 13. Be3 Ne6 14. Nc3 Rd8 15. Ne4
Qxd3 16. Qxd3 Rxd3 17. Nbxc5 Nxc5 18. Nxc5 Rd6 19. Bf4 e5 20. Be3 Rb8 21. Rad1
Nd4 22. Rfe1 Rd8 23. b4 b6 24. Rxd4 exd4 25. Bf4 Bf5 26. Bxb8 Rxb8 27. Ne4 d3
28. Rd1 Rd8 29. c5 bxc5 30. bxc5 Bxe4 31. Bxe4 d2 32. c6 Be5 33. Kf1 Bc7 34. Ke2
Ba5 35. Bf3 Rd4 36. Rb1 Rc4 37. Rd1 Kf8 38. Bd5 Rc5 39. Bf3 Ke7 40. Kf1 Rc3 41.
Ke2 Rxa3 42. Rb1 Kd6 43. Be4 Ra4 44. Bg2 Rc4 45. Rd1 Bb4 46. Kd3 Rc5 47. Bf3 a5
48. Ke2 f5 49. g4 a4 50. gxf5 gxf5 51. Rg1 Rc1 52. Rg6+ Ke5 53. Kd3 Rc3+ 54. Ke2
Rxf3 55. c7 Rc3 56. Rb6 Rc1 57. Rb5+ 0-1

[Event "World Rapid 2025"]
[Site "Doha QAT"]
[Date "2025.12.28"]
[Round "11.71"]
[White "Drygalov, Sergey"]
[Black "Krallis, Christos"]
[Result "1/2-1/2"]
[WhiteTitle "GM"]
[BlackTitle "IM"]
[WhiteElo "2571"]
[BlackElo "2416"]
[WhiteFideId "24171743"]
[BlackFideId "4298896"]
[EventDate "2025.12.26"]

1. d4 d5 2. c4 e6 3. Nf3 Nf6 4. Nc3 Be7 5. g3 O-O 6. Bg2 c6 7. O-O a5 8. b3 b6
9. Qd3 Ba6 10. Rd1 b5 11. cxb5 cxb5 12. Nxb5 Qb6 13. a4 Nc6 14. e3 Ne4 15. Bd2
Nd6 16. Bf1 Na7 17. Qc3 Naxb5 18. axb5 Bxb5 19. Bxb5 Qxb5 20. Ne5 Ne4 21. Qd3
Qxd3 22. Nxd3 Rfb8 23. Bxa5 Rxb3 24. Be1 Rxa1 25. Rxa1 f6 26. Nc1 Rb7 27. Kf1
Kf7 28. Nd3 g5 29. h3 Bd6 30. g4 Rb3 31. Ke2 Nc3+ 32. Bxc3 Rxc3 33. Kd2 Rc6 34.
Ra7+ Rc7 35. Ra6 Ke7 36. Ra8 e5 37. f3 e4 38. fxe4 dxe4 39. Nf2 Bb4+ 40. Kd1 Rc3
41. Rb8 Ba5 42. Rb5 Ra3 43. Rb7+ Ke6 44. Rb5 Ra1+ 45. Kc2 Ra2+ 46. Rb2 Ra3 47.
Rb3 Ra2+ 48. Rb2 Ra3 49. Rb3 Ra2+ 50. Rb2 Ra3 51. Nd1 Rd3 52. Rb5 Be1 53. Rb6+
Ke7 54. Rb7+ Ke6 55. Rb6+ Kd5 56. Rb5+ Kc4 57. Rc5+ Kb4 58. Rc6 Rd2+ 59. Kc1 Ra2
60. Kb1 Rh2 61. d5 Kb3 62. Rxf6 Bb4 63. Rf2 Rh1 64. Kc1 Ba3+ 65. Kd2 Bb4+ 66.
Kc1 Rxh3 67. Rf7 Ba3+ 68. Kd2 Kc4 69. Nf2 Rh2 70. Kd1 Bc5 71. Ke2 Bd6 72. Kf1
Bc5 73. Nxe4 Kxd5 74. Nxc5 Kxc5 75. Rf5+ Kc4 76. Rxg5 Kd3 77. Re5 Rh4 78. g5 Re4
79. Rxe4 Kxe4 80. Kf2 1/2-1/2

[Event "World Rapid 2025"]
[Site "Doha QAT"]
[Date "2025.12.28"]
[Round "11.72"]
[White "Rodrigue-Lemieux, Shawn"]
[Black "George Samir, David"]
[Result "1-0"]
[WhiteTitle "GM"]
[BlackTitle "IM"]
[WhiteElo "2517"]
[BlackElo "2343"]
[WhiteFideId "2620049"]
[BlackFideId "10657789"]
[EventDate "2025.12.26"]

1. c4 e5 2. g3 h5 3. Nf3 e4 4. Nh4 Be7 5. Nc3 Nf6 6. Qc2 c6 7. Nf5 d5 8. Nxe7
Qxe7 9. cxd5 Bf5 10. d6 Qe5 11. b3 e3 12. f4 Qe6 13. d3 h4 14. gxh4 Rxh4 15. Ba3
Nbd7 16. O-O-O Rxf4 17. Rg1 g6 18. Bg2 Ne5 19. Rgf1 Rh4 20. h3 Nd5 21. Bxd5 cxd5
22. Nb5 Rc8 23. Nc7+ Kd7 24. Qc5 Qf6 25. Qxd5 Rxh3 26. Qxb7 Nxd3+ 27. Rxd3 Qa1+
28. Kc2 Qxa2+ 29. Kc3 Kd8 30. Qb5 Rh8 31. Bb2 Be6 32. Ra1 a6 33. Qg5+ Kd7 34.
Rxa2 1-0

[Event "World Rapid 2025"]
[Site "Doha QAT"]
[Date "2025.12.28"]
[Round "11.73"]
[White "Rakotomaharo, Fy Antenaina"]
[Black "Bharath, Subramaniyam H"]
[Result "1/2-1/2"]
[WhiteTitle "IM"]
[BlackTitle "GM"]
[WhiteElo "2434"]
[BlackElo "2576"]
[WhiteFideId "13100050"]
[BlackFideId "46634827"]
[EventDate "2025.12.26"]

1. d4 Nf6 2. Nf3 e6 3. Bg5 d5 4. e3 Be7 5. Nbd2 O-O 6. Bd3 Nbd7 7. O-O c5 8. c3
b6 9. Ne5 Nxe5 10. dxe5 Nd7 11. Bf4 Bb7 12. Qg4 Re8 13. Nf3 f5 14. exf6 Bxf6 15.
Bg3 Qe7 16. e4 dxe4 17. Bxe4 h5 18. Qf4 g5 19. Qe3 Bxe4 20. Qxe4 h4 21. Be5 Nxe5
22. Nxe5 Qh7 23. Ng4 Bg7 24. Qe3 Qf5 25. h3 Rad8 26. Rad1 Kh7 27. Rfe1 c4 28.
Qe2 b5 29. a4 a6 30. Ne3 Qg6 31. axb5 axb5 32. Qf3 Rd3 33. Qc6 Rb8 34. Qc5 Rb7
35. Rxd3 cxd3 36. Rd1 b4 37. cxb4 Bxb2 38. b5 Bg7 39. Qc6 Rb8 40. Qd7 d2 41. Ng4
Qf5 42. Ne3 Qxb5 43. Qxd2 Qe5 44. Qc2+ Kg8 45. Qg6 Qf6 46. Qe4 Rf8 47. Ng4 Qf5
48. Qe3 Rb8 49. Re1 Rb1 50. Rxb1 Qxb1+ 51. Kh2 Qb8+ 52. Kg1 Qb1+ 53. Kh2 Qb8+ 1/2-1/2

[Event "World Rapid 2025"]
[Site "Doha QAT"]
[Date "2025.12.28"]
[Round "11.74"]
[White "Stribuk, Artiom"]
[Black "Samadov, Read"]
[Result "1-0"]
[WhiteTitle "IM"]
[BlackTitle "IM"]
[WhiteElo "2476"]
[BlackElo "2510"]
[WhiteFideId "13515659"]
[BlackFideId "13417444"]
[EventDate "2025.12.26"]

1. c4 e5 2. g3 Nf6 3. Bg2 h6 4. Nf3 e4 5. Nd4 d5 6. cxd5 Qxd5 7. e3 Bc5 8. Nc3
Qe5 9. d3 exd3 10. Qxd3 O-O 11. O-O Rd8 12. Nf3 Qe7 13. Qc2 Be6 14. Na4 Nbd7 15.
a3 Bd5 16. b4 Be4 17. Qe2 Bd6 18. Bb2 Ne5 19. Rfd1 c6 20. Nd4 Bxg2 21. Kxg2 Ng6
22. Rac1 Rac8 23. Nc5 Bxc5 24. Rxc5 Qe4+ 25. f3 Qe8 26. e4 Nd7 27. Rcc1 Ne7 28.
Nb3 Nf8 29. Nc5 Rxd1 30. Rxd1 b6 31. Nb7 Rc7 32. Rd8 Qxd8 33. Nxd8 Rd7 34. Nxf7
Kxf7 35. f4 g6 36. f5 gxf5 37. exf5 Rd5 38. Qh5+ Kg8 39. Qg4+ Kf7 40. Qg7+ Ke8
41. f6 Neg6 42. Bc1 h5 43. Qxa7 Nd7 44. Qa8+ Kf7 45. Qxc6 Nxf6 46. Qxb6 Ne5 47.
Bf4 Nd3 48. a4 h4 49. a5 Ne1+ 50. Kf1 Nf3 51. gxh4 Rf5 52. Ke2 Nxh4 53. Bg3 Nf3
54. Qb7+ Kg6 55. Qxf3 1-0

[Event "World Rapid 2025"]
[Site "Doha QAT"]
[Date "2025.12.28"]
[Round "11.75"]
[White "Sapenov, Daniyal"]
[Black "Tsaruk, Maksim"]
[Result "1-0"]
[WhiteTitle "IM"]
[BlackTitle "GM"]
[WhiteElo "2440"]
[BlackElo "2515"]
[WhiteFideId "13728911"]
[BlackFideId "13511173"]
[EventDate "2025.12.26"]

1. e4 e5 2. Nf3 Nc6 3. Bb5 a6 4. Ba4 Nf6 5. O-O d6 6. Re1 g6 7. c3 Bg7 8. d4 Bd7
9. Bxc6 Bxc6 10. dxe5 Nxe4 11. exd6 O-O 12. dxc7 Qxc7 13. Be3 Rad8 14. Nd4 b5
15. Nd2 Nxd2 16. Qxd2 Rd5 17. Bf4 Qd7 18. Bh6 Rxd4 19. cxd4 Bxg2 20. Qg5 Bxh6
21. Qxg2 Qxd4 22. b3 Rd8 23. Qf3 Qd5 24. Re4 Qg5+ 25. Kf1 Bf8 26. Rae1 Rd2 27.
Re8 Qd5 28. Qxd5 Rxd5 29. Ra8 Kg7 30. Rxa6 b4 31. Re3 Rd7 32. Rf3 Rc7 33. Rf4
Be7 34. Kg2 Bf8 35. Ra4 Rb7 36. h3 Be7 37. Ra6 Bg5 38. Rc4 Bf6 39. Rac6 Be5 40.
Re4 Bf6 41. Rcc4 Be7 42. Rxe7 Rxe7 43. Rxb4 Re2 44. a4 Ra2 45. Rb5 Kf6 46. a5
Ke6 47. b4 f5 48. Rb6+ Kd7 49. a6 Kc8 50. b5 Ra5 51. Kg3 g5 52. Rc6+ Kb8 53. Rc5
Ra3+ 54. Kg2 g4 55. Rxf5 gxh3+ 56. Kh2 Rb3 57. f3 Ka7 58. Kxh3 Kb6 59. Kg4 Rb1
60. Rh5 Rg1+ 61. Kf5 Rg8 62. Rxh7 Rf8+ 63. Ke6 Kxb5 64. a7 Kb6 65. f4 Rc8 66. f5
Rc6+ 67. Ke5 Rc5+ 68. Ke4 1-0

[Event "World Rapid 2025"]
[Site "Doha QAT"]
[Date "2025.12.28"]
[Round "11.76"]
[White "Gholami Orimi, Mahdi"]
[Black "Dau Khuong Duy"]
[Result "1/2-1/2"]
[WhiteTitle "GM"]
[BlackTitle "IM"]
[WhiteElo "2515"]
[BlackElo "2489"]
[WhiteFideId "12558486"]
[BlackFideId "12424722"]
[EventDate "2025.12.26"]

1. d4 Nf6 2. c4 g6 3. Nc3 Bg7 4. g3 O-O 5. Bg2 d6 6. Nf3 c6 7. e4 Bg4 8. h3 Bxf3
9. Bxf3 Nbd7 10. O-O a6 11. Qe2 Qc7 12. Re1 e5 13. d5 Rab8 14. Be3 Rfc8 15. Rac1
Qd8 16. Bg2 Qf8 17. Qd2 h5 18. dxc6 bxc6 19. Red1 Ne8 20. Na4 c5 21. b3 h4 22.
gxh4 Ndf6 23. Bf3 Kh7 24. Kh2 Rd8 25. Nc3 Nc7 26. Rg1 Ne6 27. h5 Bh6 28. hxg6+
fxg6 29. Bxh6 Qxh6 30. Qxh6+ Kxh6 31. Rg3 Nd4 32. Rcg1 Rg8 33. Kg2 Kg7 34. Bd1
Kf7 35. Re1 Rh8 36. Nd5 Nxd5 37. exd5 Rh4 38. Rg4 Rxg4+ 39. Bxg4 g5 40. Re3 a5
41. Rc3 Kf6 42. Kf1 Rb7 43. Ke1 Rb8 44. Bd1 Rb7 45. Rg3 Rb4 46. Kd2 Rb7 47. Kc1
Rb8 48. Re3 Kf5 49. Kd2 Kf6 50. Kc3 Kf5 51. Re1 Kg6 52. Rg1 Kf6 53. Rh1 Rf8 54.
h4 gxh4 55. Rxh4 Ke7 56. Rh7+ Kd8 57. Rh2 Rg8 58. Rh1 Rg2 59. Rf1 Kc7 60. Kb2
Rh2 61. Bc2 Kb6 62. Bd1 Rh3 63. Kc1 a4 64. bxa4 Rc3+ 65. Kd2 Rxc4 66. Rg1 Rb4
67. Rg6 c4 68. Rxd6+ Kc5 69. Rd8 Rb2+ 70. Ke1 Nf5 71. a3 Ra2 72. Rc8+ Kxd5 73.
Bf3+ e4 74. Rd8+ Nd6 75. Bxe4+ Kxe4 76. Rxd6 Rxa3 1/2-1/2

[Event "World Rapid 2025"]
[Site "Doha QAT"]
[Date "2025.12.28"]
[Round "11.97"]
[White "Tran, Thanh Tu"]
[Black "Bilguun, Sumiya"]
[Result "0-1"]
[WhiteTitle "IM"]
[BlackTitle "GM"]
[WhiteElo "2402"]
[BlackElo "2442"]
[WhiteFideId "12401404"]
[BlackFideId "4901541"]
[EventDate "2025.12.26"]

1. d4 e6 2. Nf3 f5 3. Bf4 Nf6 4. h3 b6 5. e3 Bb7 6. Be2 d6 7. c4 Nbd7 8. Nc3 Be7
9. Qc2 Nh5 10. Bh2 g6 11. d5 e5 12. g4 Ng7 13. Rg1 a5 14. gxf5 Nxf5 15. Bd3 Rf8
16. Ne4 Nc5 17. Nxc5 bxc5 18. O-O-O a4 19. h4 Bxh4 20. Nxh4 Qxh4 21. Rg2 a3 22.
b3 Bc8 23. Rdg1 Qf6 24. Qc3 Nh4 25. Bg3 Nxg2 26. Rxg2 Bf5 27. e4 Bg4 28. Rh2 h5
29. b4 Qf3 30. Qd2 cxb4 31. Kc2 Rb8 32. c5 b3+ 33. axb3 Qd1+ 0-1

[Event "World Rapid 2025"]
[Site "Doha QAT"]
[Date "2025.12.28"]
[Round "11.98"]
[White "Aditya, Mittal"]
[Black "Ashwath Kaushik"]
[Result "1-0"]
[WhiteTitle "GM"]
[BlackTitle "FM"]
[WhiteElo "2624"]
[BlackElo "2345"]
[WhiteFideId "35042025"]
[BlackFideId "33387230"]
[EventDate "2025.12.26"]

1. d4 d5 2. c4 e6 3. Nc3 Nf6 4. cxd5 exd5 5. Bg5 Be7 6. e3 O-O 7. Bd3 Re8 8. Nf3
h6 9. Bf4 c5 10. dxc5 Bxc5 11. O-O Nc6 12. Nb5 Nh5 13. Bc7 Qe7 14. Rc1 a6 15.
Rxc5 Qxc5 16. Bd6 Qb6 17. Nc7 Bd7 18. Nxa8 Rxa8 19. Ne5 Nf6 20. Nxc6 Qxc6 21.
Be5 Qe6 22. Bd4 Rc8 23. Qb3 Bc6 24. Rd1 Ne4 25. Qb4 Nd6 26. b3 Bb5 27. Bb1 Be2
28. Re1 Bh5 29. Bb2 Bg6 30. Qd4 Ne8 31. Bxg6 fxg6 32. f3 Rc2 33. e4 Nf6 34. e5
Nd7 35. Rd1 Qb6 36. e6 Qxd4+ 37. Bxd4 Nb8 38. Re1 Kf8 39. Bxg7+ Ke8 40. Rd1 Ke7
41. Rxd5 Kxe6 42. Re5+ Kf7 43. Bxh6 Nc6 44. Re4 Rxa2 45. Rf4+ Ke6 46. Bg5 Ne5
47. Rf6+ Kd5 48. Rb6 Nd3 49. h4 Ra1+ 50. Kh2 Ra2 51. Rxg6 Ne1 52. Kg1 Ke5 53.
Bd8 Kf4 54. Bc7+ Kf5 55. h5 Rc2 56. g4# 1-0

[Event "World Rapid 2025"]
[Site "Doha QAT"]
[Date "2025.12.28"]
[Round "11.99"]
[White "Harikrishnan, A. Ra"]
[Black "Agmanov, Zhandos"]
[Result "1/2-1/2"]
[WhiteTitle "GM"]
[BlackTitle "IM"]
[WhiteElo "2531"]
[BlackElo "2471"]
[WhiteFideId "5081483"]
[BlackFideId "13708309"]
[EventDate "2025.12.26"]

1. Nf3 d5 2. g3 c5 3. c4 d4 4. b4 cxb4 5. a3 e6 6. axb4 Bxb4 7. Qa4+ Nc6 8. Ne5
Ne7 9. Bg2 Bd7 10. Nxd7 Qxd7 11. O-O O-O 12. d3 a6 13. Qb3 Rab8 14. Bf4 Rbc8 15.
Na3 Bc3 16. Rab1 Na5 17. Qd1 Nac6 18. Bd2 Qd6 19. Nc2 Bxd2 20. Qxd2 Rb8 21. Rb6
Nc8 22. Rb3 N8a7 23. Rfb1 b5 24. cxb5 Rxb5 25. Rxb5 Nxb5 26. Ra1 Nb8 27. Qb4 Qe5
28. Bf3 Rc8 29. Na3 Qc5 30. Qa4 Nc3 31. Qb3 a5 32. Nc4 a4 33. Qb7 Qc7 34. Qb4
Nd7 35. Nd6 Qb8 36. Qa3 Rc7 37. Ne4 Nxe4 38. Bxe4 Nc5 39. Bf3 g6 40. Rc1 Qb3 41.
Qa1 e5 42. Rb1 Qc3 43. Qa2 a3 44. Rb8+ Kg7 45. Ra8 Ne6 46. Kg2 Qe1 47. Qd5 Rc5
48. Qd6 Rc1 49. Kh3 Ng5+ 50. Kh4 Ne6 51. Ra7 Qxf2 52. Qxe6 Qxh2+ 53. Qh3 Qf2 54.
Rxf7+ Kxf7 55. Qd7+ Kf6 56. Qd6+ Kf7 57. Qd7+ Kf6 58. Qd8+ Kf7 59. Qd7+ Kf6 1/2-1/2

[Event "World Rapid 2025"]
[Site "Doha QAT"]
[Date "2025.12.28"]
[Round "11.100"]
[White "Akobian, Varuzhan"]
[Black "Ezat, Mohamed"]
[Result "1-0"]
[WhiteTitle "GM"]
[BlackTitle "IM"]
[WhiteElo "2549"]
[BlackElo "2294"]
[WhiteFideId "13300580"]
[BlackFideId "10600906"]
[EventDate "2025.12.26"]

1. d4 Nf6 2. Nf3 g6 3. c4 Bg7 4. Nc3 O-O 5. Bg5 h6 6. Bh4 d6 7. e3 g5 8. Bg3 Nh5
9. Bd3 e6 10. Nd2 Nxg3 11. hxg3 f5 12. g4 c5 13. d5 exd5 14. gxf5 d4 15. exd4
cxd4 16. Nd5 Bxf5 17. Bxf5 Rxf5 18. Qg4 Rf7 19. Qe6 Na6 20. Ne4 Nc7 21. Nxc7
Qxc7 22. Kf1 Kf8 23. Re1 Qd7 24. Rxh6 Qxe6 25. Rxe6 Rd7 26. Nxd6 Kg8 27. Nf5
Rad8 28. Rg6 Kh7 29. Rxg5 Bf6 30. Rg3 d3 31. b3 d2 32. Rd1 Re8 33. Re3 Rc8 34.
Rg3 b5 35. Ke2 bxc4 36. Rh1+ 1-0

[Event "World Rapid 2025"]
[Site "Doha QAT"]
[Date "2025.12.28"]
[Round "11.101"]
[White "Gavrilescu, David"]
[Black "Nurgaliyev, Sauat"]
[Result "1-0"]
[WhiteTitle "GM"]
[BlackTitle "IM"]
[WhiteElo "2542"]
[BlackElo "2437"]
[WhiteFideId "1227190"]
[BlackFideId "13726285"]
[EventDate "2025.12.26"]

1. e4 c5 2. Nf3 d6 3. d4 cxd4 4. Qxd4 Nf6 5. Nc3 Nc6 6. Qe3 g6 7. Be2 Bg7 8. O-O
O-O 9. h3 Be6 10. Rd1 Qb6 11. Qxb6 axb6 12. a3 Nd7 13. Nd5 Rfc8 14. c3 Bxd5 15.
exd5 Na5 16. Rb1 h6 17. Ne1 Nc5 18. Be3 Na4 19. Bb5 Nb3 20. Bd7 Rc4 21. Bb5 Rcc8
22. Bxa4 Rxa4 23. Bxb6 Ra6 24. Be3 Na5 25. Nc2 Nc4 26. Bd4 Ra5 27. Nb4 e5 28.
dxe6 fxe6 29. Bxg7 Kxg7 30. Re1 Kf6 31. Re2 Re5 32. Kf1 d5 33. Rxe5 Kxe5 34. Ke2
Kd6 35. h4 Rf8 36. Nd3 e5 37. Rd1 Rd8 38. a4 e4 39. Nf4 Ke5 40. b3 Nb2 41. Rd2
Kxf4 42. Rxb2 Rc8 43. Kd2 Kg4 44. a5 Kxh4 45. b4 Kg4 46. Ke3 Kf5 47. b5 Ke5 48.
Rb3 Rc5 49. a6 bxa6 50. b6 Rc8 51. b7 Rb8 52. Rb6 g5 53. g4 a5 54. Rb5 Kd6 55.
Kd4 Kc6 56. Rxa5 Rxb7 57. Rc5+ Kb6 58. Rxd5 Kc6 59. Rf5 Rd7+ 60. Kxe4 Rd2 61.
Ke5 Kc5 62. Kf6+ 1-0

[Event "World Rapid 2025"]
[Site "Doha QAT"]
[Date "2025.12.28"]
[Round "11.102"]
[White "Droin, Augustin"]
[Black "Fandi, Mazen"]
[Result "1/2-1/2"]
[WhiteTitle "IM"]
[BlackTitle "FM"]
[WhiteElo "2480"]
[BlackElo "2304"]
[WhiteFideId "45105987"]
[BlackFideId "7611625"]
[EventDate "2025.12.26"]

1. e4 c6 2. Nf3 d5 3. d3 Bg4 4. h3 Bh5 5. Qe2 e6 6. g4 Bg6 7. h4 dxe4 8. dxe4 h5
9. g5 Nd7 10. Nc3 Qc7 11. Bd2 Bd6 12. O-O-O Ne7 13. Nd4 O-O 14. Bh3 Be5 15. Qe3
Nb6 16. Bf1 Rad8 17. Nf3 Bd6 18. a3 Qb8 19. Kb1 Rd7 20. Be2 Rfd8 21. Bc1 Bc7 22.
Rxd7 Rxd7 23. Rd1 Rxd1 24. Nxd1 Nd7 25. Bf1 Bb6 26. Qe2 Qd6 27. Nc3 e5 28. Bh3
Nf8 29. Be3 Ne6 30. Bxe6 Qxe6 31. Bxb6 axb6 32. Qd2 Kh7 33. Qd8 c5 34. Nd2 Nc6
35. Qd3 Nd4 36. Qg3 b5 37. b3 b4 38. axb4 cxb4 39. Na2 Qd6 40. Qd3 b5 41. Nc1
Qc5 42. Ne2 Ne6 43. Qf3 Kg8 44. Kc1 Qa7 45. Kb1 Qc5 46. Nf1 Qc6 47. Nd2 Qc5 48.
Qe3 Qd6 49. Nf3 Nc5 50. Ng3 Ne6 51. Qd2 Qc5 52. Nf5 Kh7 53. Qe3 Qc7 54. Qd3 Qc5
55. Qe3 Qc7 56. Kc1 Nc5 57. Nd2 Ne6 58. Kb2 Nc5 59. f3 Ne6 60. Nf1 Bxf5 61. exf5
Nd4 62. Qd3 Qc3+ 63. Qxc3 bxc3+ 64. Kxc3 Nxf5 65. Kd3 Nxh4 66. Ke4 Kg6 67. c4
bxc4 68. bxc4 Kxg5 69. Ng3 g6 70. c5 Kf6 71. Kd5 Nxf3 72. Ne4+ Ke7 73. c6 Kd8
74. Nd6 h4 75. Kc5 Nd4 76. Nxf7+ Kc7 77. Nxe5 Nxc6 78. Nf3 h3 79. Kd5 g5 80. Nh2
Kd7 81. Ng4 Ke7 82. Nf2 h2 83. Ke4 Nd4 84. Kxd4 g4 85. Nh1 Kf6 86. Ke3 Kg5 87.
Kf2 Kh4 88. Kg2 g3 89. Nxg3 Kg4 90. Kxh2 1/2-1/2

[Event "World Rapid 2025"]
[Site "Doha QAT"]
[Date "2025.12.28"]
[Round "11.103"]
[White "Lodici, Lorenzo"]
[Black "Tissir, Mohamed"]
[Result "1-0"]
[WhiteTitle "GM"]
[BlackTitle "IM"]
[WhiteElo "2590"]
[BlackElo "2293"]
[WhiteFideId "884189"]
[BlackFideId "9000240"]
[EventDate "2025.12.26"]

1. d4 Nf6 2. Bg5 Ne4 3. h4 d5 4. Nd2 c6 5. Nxe4 dxe4 6. e3 Qb6 7. Qc1 e5 8. dxe5
Be6 9. Ne2 Nd7 10. Nd4 Qa5+ 11. Qd2 Qxd2+ 12. Kxd2 Nxe5 13. Nxe6 fxe6 14. Be2 h6
15. Bf4 O-O-O+ 16. Kc3 Bd6 17. Rad1 Bc7 18. Rd4 Rd5 19. Rxe4 Rhd8 20. Rd4 c5 21.
Rxd5 exd5 22. Kd2 d4 23. Bg3 d3 24. cxd3 Nc4+ 25. Kc3 Bxg3 26. fxg3 Nxe3 27. Bf3
Kc7 28. Re1 Nf5 29. Bg4 Nxg3 30. Re7+ Kd6 31. Rxg7 b5 32. Rxa7 Ke5 33. Re7+ Kf4
34. Bf3 Nf5 35. Re4+ Kg3 36. Re5 Nxh4 37. Rxc5 Ng6 38. Rxb5 Nf4 39. d4 h5 40.
Bxh5 Kxg2 41. a4 Kf2 42. a5 Nd5+ 43. Kc4 Ne3+ 44. Kd3 Rd6 45. Bf7 Ng2 46. Bc4
Ne1+ 47. Kc3 Nf3 48. d5 Ke3 49. Rb8 Ne5 50. Re8 Kf4 51. Kd4 Nd7 52. b4 1-0

[Event "World Rapid 2025"]
[Site "Doha QAT"]
[Date "2025.12.28"]
[Round "11.104"]
[White "Al Hosani, Omran"]
[Black "Halkias, Stelios"]
[Result "0-1"]
[WhiteTitle "IM"]
[BlackTitle "GM"]
[WhiteElo "2340"]
[BlackElo "2503"]
[WhiteFideId "9308733"]
[BlackFideId "4201809"]
[EventDate "2025.12.26"]

1. e4 c5 2. Nf3 d6 3. d4 cxd4 4. Nxd4 Nf6 5. Nc3 a6 6. Bg5 e6 7. Qe2 h6 8. Be3
b5 9. a3 Bb7 10. f3 Nbd7 11. O-O-O Rc8 12. Qe1 Be7 13. Kb1 Qc7 14. Bd3 Ne5 15.
g4 Nfd7 16. Be2 Nb6 17. Bc1 Nec4 18. Rd3 Bf6 19. h4 d5 20. exd5 Nxd5 21. Nxd5
Bxd5 22. c3 Be5 23. g5 h5 24. Rh3 O-O 25. Bd1 g6 26. Bc2 Na5 27. Qd1 Qc4 28. b3
Qc7 29. Bb2 Rfd8 30. Ne2 Bxb3 31. f4 Bxc2+ 32. Qxc2 Bg7 33. Rxd8+ Rxd8 34. Rd3
Nc4 35. Rxd8+ Qxd8 36. a4 Qb6 37. Ka2 bxa4 38. Ba1 Qb5 39. Nd4 Bxd4 40. cxd4 Nb6
41. d5 Qxd5+ 42. Ka3 Qb3+ 43. Qxb3 axb3 44. Kxb3 Nd5 45. Be5 Ne3 46. Bd4 Ng2 0-1